000 00650nam a2200229Ia 4500
005 20241216010147.0
008 180423s9999||||xx |||||||||||||| ||und||
020 _a84-8019-090-6
082 _a796.4
_bO44
100 _aOLIVERA BELTRAN, JAVIER
245 0 _a1169 EJERCICIOS Y JUEGOS DE ATLETISMO
_bLAS DISIPLINAS ATLETICAS
250 _a4
260 _aBARCELONA-ESPAÑA
_bPAIDOTRIBO
_c1997
300 _a562 pag.
_c21.5 cm
341 _h106.97
490 _v2
_a0
505 _aDISCIPLINAS-MORCHA-CARRERA/SALTOS-LANZAMIENTO
541 _aC
_bSAN CRISTOBAL S.A.
_d22-Jun-98
_odólar
650 _aARTE
856 _zHumanidades
942 _cLIBRO
999 _c7080
_d7080